| 000 | 00664cam a2200253 4500 | ||
|---|---|---|---|
| 005 | 20260322212038.0 | ||
| 008 | data | ||
| 010 | _a 73186741 | ||
| 020 | _a0670583618 | ||
| 020 | _a9780670583614 | ||
| 040 |
_aDLC _cDLC _dDLC |
||
| 043 | _af-ua--- | ||
| 050 | 0 | 0 |
_aDT63 _b.E3 1972 |
| 082 | 0 | 0 | _a913.32 |
| 092 | _a913.32 E3 1972 | ||
| 100 | 1 |
_aEdwards, I. E. S. _d1909-1996. _q(Iorwerth Eiddon Stephen), |
|
| 245 | 1 | 4 |
_aThe pyramids of Egypt _cI. E. S. Edwards. |
| 260 |
_aNew York, _bViking Press _c[1972] |
||
| 300 |
_a240 p. _billus. _c25 cm. |
||
| 490 | 0 | _aA Studio book | |
| 504 | _aBibliography: p. [227]-234. | ||
| 650 | 0 |
_aPyramids _zEgypt. |
|
| 001 | data | ||
| 999 |
_c901 _d901 |
||